| 000 | 01045nam0a22002531 4500 | ||
|---|---|---|---|
| 001 | rc\643510 | ||
| 005 | 20031121164808.6 | ||
| 035 | _a(NLR Aleph) 005884555 | ||
| 090 |
_a6113258 _c6113258 |
||
| 100 | _a20031121d1986 u |0rusy50 ca | ||
| 101 | 0 | _arus | |
| 102 | _aRU | ||
| 105 | _ay ||||||||| | ||
| 200 | 1 |
_aПрактикум по новой истории, 1870-1917 _eПособие для студентов-заочников 3 курса ист. фак. пед. ин-тов _fМоск. гос. заоч. пед. ин-т _g[Сост. С.Г. Десятсков и др.] _gПод ред. С.Г. Десятскова |
|
| 210 |
_aМ. _cПросвещение _d1986 |
||
| 215 |
_a187, [2] с. _d20 |
||
| 320 | _aБиблиогр. в тексте | ||
| 702 | 1 |
_aДесятсков _bС. Г. _gСтанислав Германович _4220 |
|
| 712 | 0 | 2 |
_aМосковский заочный пед. ин-т _3RU\NLR\AUTH\8810951 |
| 801 | 0 |
_aRU _bNLR _gpsbo |
|
| 801 | 1 |
_aRU _bELAR _2rusmarc |
|
| 852 |
_aNLR _j86-3/11693 |
||
| 942 | _cBOOK | ||
| 980 | _aNB | ||